Statistics for Liverpool FC Squad 2016/17

Click here to take the quiz!

General Stats

  • This quiz has been taken 101 times
  • The average score is 20 of 29

Answer Stats

HintAnswer% Correct
GKSimon Mignolet
98%
DEFNathaniel Clyne
96%
DEFDejan Lovren
93%
MIDJames Milner
93%
GKLoris Karius
93%
FORRoberto Firmino
93%
MIDJordan Henderson
91%
FORDaniel Sturridge
89%
MIDPhilippe Coutinho
89%
DEFAlberto Moreno
87%
FORSadio Mane
87%
MIDAdam Lallana
82%
FORDivock Origi
82%
DEFJoel Matip
81%
MIDGeorginio Wijnaldum
75%
MIDEmre Can
73%
MIDLucas Leiva
72%
DEFRagnar Klavan
72%
DEFMamadou Sakho
69%
FORDanny Ings
67%
DEFJoe Gomez
58%
GKAlex Manninger
52%
MIDMarko Grujic
45%
MIDKevin Stewart
39%
DEFConnor Randall
33%
MIDSheyi Ojo
31%
MIDCameron Brannagan
27%
MIDPedro Chirivella
18%
DEFTiago Llori
18%

Score Distribution

Percentile by Number Answered

Percent of People with Each Score

Your Score History

You have not taken this quiz